000
00176 a2200085 4500
100
_a
gatley, Donald P.
245
_a
Understanding psychometrics
250
_a
3rd ed.
260
_b
ASHRAE
999
_c
204
_d
204